Normal view MARC view
  • United States

Entry Geographic Name

Number of records used in: 1

001 - CONTROL NUMBER

  • control field: 104734

003 - CONTROL NUMBER IDENTIFIER

  • control field: NUST

005 - DATE AND TIME OF LATEST TRANSACTION

  • control field: 20221213135246.0

008 - FIXED-LENGTH DATA ELEMENTS

  • fixed length control field: 221213|| aca||aabn | a|a d

040 ## - CATALOGING SOURCE

  • Original cataloging agency: NUST
  • Transcribing agency: NUST

151 ## - HEADING--GEOGRAPHIC NAME

  • Geographic name: United States
  • General subdivision: Rural conditions
  • General subdivision: Pictorial works

670 ## - SOURCE DATA FOUND

  • Source citation: Work cat.: (NUST)184650: Adams, Bert N 1478, The American family farm /, 1996.
© 2023 Central Library, National University of Sciences and Technology. All Rights Reserved.